Discursos pronunciados en la Real Academia de Medicina de Madrid (Record no. 170434)
[ view plain ]
| 000 -LEADER | |
|---|---|
| campo de control de longitud fija | 01724nam a2200181 i 4500 |
| 001 - NÚMERO DE CONTROL | |
| campo de control | 170434 |
| 003 - IDENTIFICADOR DE NÚMERO DE CONTROL | |
| campo de control | ES-MaACL |
| 005 - FECHA Y HORA DE LA ÚLTIMA TRANSACCIÓN | |
| campo de control | 20250806045157.0 |
| 008 - DATOS DE LONGITUD FIJA--INFORMACIÓN GENERAL | |
| campo de control de longitud fija | 090305s19091912sp |||| | spa d |
| 110 2# - ENTRADA PRINCIPAL--NOMBRE DE ENTIDAD CORPORATIVA | |
| Nombre de entidad corporativa o nombre de jurisdicción como elemento de entrada | Real Academia de Medicina de Madrid |
| 9 (RLIN) | 6318 |
| 245 10 - MENCIÓN DEL TÍTULO | |
| Título | Discursos pronunciados en la Real Academia de Medicina de Madrid |
| Resto del título | : 1909-1912. |
| 260 ## - PUBLICACIÓN, DISTRIBUCIÓN, ETC. | |
| Lugar de publicación, distribución, etc. | Madrid : |
| Nombre del editor, distribuidor, etc. | [s.n.], |
| Fecha de publicación, distribución, etc. | 1909 ( |
| Lugar de fabricación/manufactura | Madrid : |
| Fabricante | Imp. Hijos de J. A. García) |
| 300 ## - DESCRIPCIÓN FÍSICA | |
| Extensión | 1 v. ; |
| Dimensiones | 27 cm. |
| 505 8# - NOTA DE CONTENIDO CON FORMATO | |
| Nota de contenido con formato | Contiene: Algunas consideraciones dentro del círculo de la Terapéutica y la Farmacología / José Grinda y Forner (50 p.). Discurso.../ Julián Calleja y Sánchez (p. 51-66). El médico en sociedad / Simón Hergueta y Martín (36 p.). Resumen de la historia y tareas desempeñadas por la Academia en el año de 1909 / Manuel Iglesias y Díaz (38 p.). La lucha contra la vejez / Amalio Gimeno Cabañas (160 p.). Discuros.../ Ángel Pulido Fernández (p. 161-191). Naturaleza de las miopatías primitivas progresivas / Francisco Criado y Aguilar (89 p.). Procedimientos para depurar y esterilizar las aguas destinadas a la alimentación de las grandes urbes / Eugenio Piñerúa Álvarez (41 p.). Discurso.../ Julián Calleja y Sánchez (p. 43-60). Morfología socialista / Federico Olóriz y Aguilera (46 p.). La vacuna anticolérica / César Chicote y Riego (47 p.). De la influencia del genio latino en el carácter actual de la Medicina, reflejado principalmente en el diagnóstico y en la terapéutica / Antonio Espina y Capo (120 p.). Resumen de la historia y las tareas desempeñadas por la Academia en el año de 1911 / Manuel Iglesias y Díaz (43 p.). |
| 852 ## - LOCALIZACIÓN | |
| Ubicación | ES-MaACL |
| itemnumber | 177075 |
| Número de control de estantería | K-111 |
| 942 ## - ELEMENTOS DE ENTRADA SECUNDARIOS (KOHA) | |
| Fuente del sistema de clasificación o colocación | Clasificación decimal universal |
| Estatus retirado | Estado de pérdida | Estado de daño | No para préstamo | Biblioteca de origen | Biblioteca actual | Ubicación en estantería | Fecha de adquisición | Total de préstamos | Signatura topográfica completa | Código de barras | Visto por última vez | Precio de reemplazo | Tipo de ítem Koha |
|---|---|---|---|---|---|---|---|---|---|---|---|---|---|
| Biblioteca del Ateneo de Madrid | Biblioteca del Ateneo de Madrid | Administración | 05/03/2009 | K-111 | 1178901 | 23/02/2023 | 23/02/2023 | Libro impreso |
